| 000 | 00535nam a22001817a 4500 | ||
|---|---|---|---|
| 005 | 20221212161244.0 | ||
| 008 | 221212b ||||| |||| 00| 0 eng d | ||
| 040 | _cAL | ||
| 041 | _aEnglish | ||
| 082 |
_223 _a324.2092 _bMUKR |
||
| 100 |
_aMukherjee _965597 |
||
| 245 | _aReport of the Justice Mukherjee Commission of Inquiry on the alleged disappearance of Netaji Subhas Chandra Bose Volume II | ||
| 260 | _c2005 | ||
| 300 |
_a195 p. _bPB _c28x21 cm. |
||
| 650 |
_aReport _965598 |
||
| 700 |
_aMUKHERJEE _965599 |
||
| 942 |
_2ddc _cGF |
||
| 999 |
_c225613 _d225613 |
||